Análisis exploratorio de datos

সংরক্ষণ করুন:
গ্রন্থ-পঞ্জীর বিবরন
প্রধান লেখক: Hoyos, Arnoldo de (Author)
বিন্যাস: গ্রন্থ
ভাষা:স্প্যানিশ
প্রকাশিত: Santiago Pontificia Universidad Católica de Chile 1984
মালা:Curso E1
বিষয়গুলি:
ট্যাগগুলো: ট্যাগ যুক্ত করুন
কোনো ট্যাগ নেই, প্রথমজন হিসাবে ট্যাগ করুন!

MARC

LEADER 00000nam a2200000 a 4500
001 UCP3962
003 CL-VaPUC
008 990709e19840000CL |||||||||||||||||spa|d
082 0 4 |a 519.5  |b HOY  |2 21 
100 0 |a Hoyos, Arnoldo de  |e author  |9 431384 
245 1 0 |a Análisis exploratorio de datos 
300 |a 103 p 
942 |c BK 
945 |d 19990709 00:00:00  |a crobeson 
260 |a Santiago  |b Pontificia Universidad Católica de Chile  |c 1984 
650 0 |a Análisis estadístico  |9 269506 
650 0 |a Estadística matemática  |9 260028 
650 0 |a Análisis de datos  |9 269871 
650 0 |a Análisis multivariable  |9 346260 
583 |a last modification  |c 19990709 00:00:00  |k Rodrigo Vera 
490 0 |a Curso E1 
999 |c 282071  |d 282069 
952 |0 0  |1 0  |4 0  |6 519_500000000000000_HOY_1984  |7 0  |8 A  |9 323485  |a BIBGIM  |b BIBGIM  |d 2019-11-20  |i 135275K  |o 519.5 HOY 1984  |p 135275K  |r 2025-01-15  |w 2019-11-20  |y BK  |k EST